Product placement, zameraný na detského diváka bakalárska práca

Salvato in:
Dettagli Bibliografici
Autore principale: Polák, Adam
Ente Autore: Obchodná fakulta EU. Katedra služieb a cestovného ruchu - zrušené
Altri autori: Veszprémi Sirotková, Anna, 1966-
Natura: Libro
Lingua:slovacco
Pubblicazione: Bratislava 2021
Tags: Aggiungi Tag
Nessun Tag, puoi essere il primo ad aggiungerne!!

MARC

LEADER 00000nbm a2200000 4500
001 0275884
005 20220203120849.9
041 0 |a slo 
044 |a SK 
245 1 0 |a Product placement, zameraný na detského diváka  |b bakalárska práca  |c Adam Polák ; školiteľ: Anna Veszprémi Sirotková 
264 1 |a Bratislava  |c 2021 
300 |a 54 s. 
100 1 |a Polák, Adam 
700 1 |a Veszprémi Sirotková, Anna, 1966- 
710 2 |a Obchodná fakulta EU. Katedra služieb a cestovného ruchu - zrušené